000 00674nam a2200229Ia 4500
003 OSt
005 20220923213146.0
006 a|||||r|||| 00| 0
007 ta
008 220922b |||||||| |||| 00| 0 hin d
024 _a159,365
037 _cTextual
040 _aARTS
_cARTS
_bhin
041 _2hin
_ahin
082 _aO152:1:9, J5
100 _aसुरेशचन्द्र
_9156945
245 0 _aहिन्दी कवियो का काव्य भावना
246 _aHindī kaviyo kā kāvya bhāvanā
260 _c1955
942 _hO152:1:9, J5
_cTEXL
_2CC
999 _c314112
_d314112